<The> Innovation development in the Slovak Republic in the context of the Europe 2020 strategy and initiative Innovation Union
Inovatívnosť ako jedna z hlavných metód riešenia súčasných globálnych výziev. Inovatívnosť ako základný prvok stratégie Európa 2020 a jej kľúčovej iniciatívy Únia inovácií (Inovácia v Únii). Inovácie v slovenskej ekonomike a porovnanie s krajinami EÚ.
Uložené v:
| Hlavný autor: | |
|---|---|
| Ďalší autori: | |
| Médium: | Kapitola |
| Jazyk: | English |
| Predmet: | |
| Tagy: |
Žiadne tagy, Buďte prvý, kto otaguje tento záznam!
|
MARC
| LEADER | 00000naa$a2200000$$$4500 | ||
|---|---|---|---|
| 001 | 0231164 | ||
| 005 | 20240712105029.5 | ||
| 041 | 0 | |a eng | |
| 044 | |a TH | ||
| 245 | 1 | 0 | |a <The> Innovation development in the Slovak Republic in the context of the Europe 2020 strategy and initiative Innovation Union |c Vladimír Gonda, Peter Adamovský |
| 520 | |a Inovatívnosť ako jedna z hlavných metód riešenia súčasných globálnych výziev. Inovatívnosť ako základný prvok stratégie Európa 2020 a jej kľúčovej iniciatívy Únia inovácií (Inovácia v Únii). Inovácie v slovenskej ekonomike a porovnanie s krajinami EÚ. | ||
| 610 | 2 | 0 | |a inovácia |
| 610 | 2 | 0 | |a výskum |
| 610 | 2 | 0 | |a vývoj |
| 610 | 2 | 0 | |a výkonnosť inovačná |
| 610 | 2 | 0 | |a Slovensko |
| 610 | 2 | 0 | |a Európska únia |
| 610 | 2 | 0 | |a globalizácia |
| 610 | 2 | 0 | |a globalizácia hospodárstva |
| 100 | 1 | |a Gonda, Vladimír | |
| 700 | 1 | |a Adamovský, Peter, 1990- | |